Detalles MARC
| 000 -LIDER |
| fixed length control field |
04118nam a2200349 a 4500 |
| 001 - NÚMERO DE CONTROL |
| Identificador de número de control |
|
| 003 - IDENTIFICACDOR DE NÚMERO DE CONTROL |
| control field |
DO-SdBNP |
| 005 - DATE AND TIME OF LATEST TRANSACTION |
| control field |
20220302103448.0 |
| 008 - ELEMENTOS DE LONGITUD FIJA |
| fixed length control field |
090522s2008 dr ah 000 0 spa d |
| 020 ## - ISBN |
| International Standard Book Number |
9789945427226 |
| 040 ## - FUENTE DE CATALOGACIÓN |
| Agencia que crea de manera original el registro |
DO-SdBNP |
| Idioma de catalogación |
spa |
| Agencia que realiza la transcripción |
BPMSU |
| 082 ## - NÚMERO DE CLASIFICACIÓN DECIMAL DE DEWEY |
| Classification number |
972.9304 |
| Item number |
C965p 2008 |
| Edition number |
22 |
| 100 1# - ASIENTO PRINCIPAL -- NOMBRE PERSONAL |
| Nombre personal |
Cuevas Pérez, César |
| 245 10 - MENCIÓN DE TITULO |
| Título |
Presencia francesa en Santo Domingo 1802-1809 / |
| Mención de responsabilidad |
César Cuevas Pérez, Guillermo Díaz Bidó ; prólogo Juan Francisco Santamaría de la Cruz. |
| 260 ## - PUBLICACIÓN, DISTRIBUCIÓN, ETC. (PIE DE IMPRENTA) |
| Lugar de publicación, distribución, etc |
Santo Domingo : |
| Nombre del editor, distribuidor, etc. |
Secretaría de Estado de Cultura : |
| -- |
Editora Nacional, |
| Fecha de publicación, distribución, etc |
2008. |
| 300 ## - DESCRIPCIÓN FÍSICA |
| Extensión |
547 p. : |
| Otros detalles físicos |
il. ; |
| Dimensiones |
24 cm. |
| 490 0# - MENCIÓN DE SERIES |
| Mención de serie |
Premios nacionales |
| 500 ## - NOTA GENERAL |
| Nota general |
Incluye referencias biográfícas de los autores en las solapas. |
| 504 ## - NOTA DE BIBLIOGRAFÍA, ETC. |
| Bibliography, etc |
Bibliografía: p. 543-547. |
| 505 0# - NOTA DE CONTENIDO |
| Título |
Prólogo / |
| Mención de responsabilidad |
Juan Francisco Santamaría de la Cruz -- |
| Título |
De los autores -- |
| -- |
Introducción -- |
| -- |
A manera de Preámbulo -- |
| -- |
Presencia francesa en Santo Domingo (1802- 1809) -- |
| Información miscelánea |
Capítulo 1. -- |
| -- |
Primera parte -- |
| Título |
Antecedentes históricos. Francia, Efectos de la Revolución de 1789. Sus raíces originarias -- |
| -- |
Segunda parte -- |
| -- |
Antecedentes históricos de la isla de Babeque, Bohío o Haití a la isla de Saint-Domingue -- |
| -- |
Capítulo 2. -- |
| Información miscelánea |
En la parte Occidental de la isla, Makendal-Boukman-Toussaint-Louverture, Ejemplos de combate y dignidad frente a la ignominia esclavista -- |
| -- |
Capítulo 3. -- |
| Título |
Tratados de Paz en Europa hunden la isla Española -- |
| -- |
La parte Este entre 1795 y 1802, papel del Gobernador Español Don Joaquín García Moreno, papel de los representantes franceses, entrada de Toussaint-Louverture a la parte española -- |
| Información miscelánea |
Capítulo 4. -- |
| Título |
Primera parte -- |
| -- |
Preparación de la expedición armada de Saint-Domingue -- |
| Información miscelánea |
Segunda parte-- |
| Título |
Los hombres del ejército expedicionario -- |
| -- |
General de División Víctor Emmanuel Leclerc -- |
| -- |
Vice-almirante Louis Thomas Villaret de Joyeuse -- |
| -- |
Teniente General Duque Carlos de Gravina -- |
| -- |
Vice-almirante Louis René Levassor Conde de Latouche Treville Vice-almirante Honoré Joseph Ganteaume -- |
| 505 0# - NOTA DE CONTENIDO |
| Título |
General de división Jean Marie Donatien de Vimeur Visconde de Rochambeau -- |
| -- |
General de División Jean Boudet -- |
| -- |
General de División Jean Hardy -- |
| -- |
General de División Desfourneau -- |
| -- |
General de Brigada Francois Marie Perichú de Kerversau -- |
| -- |
General de Brigada Achille-Pierre-Henry Dampierre -- |
| Información miscelánea |
Tercera parte -- |
| Título |
Número de Fuerzas Armadas participantes, embarcaciones que integraban la flota naval -- |
| Información miscelánea |
Capítulo 5 -- |
| -- |
primera parte -- |
| Título |
Trabajo realizado por el General de Brigada Francois-Marie Perichú de Kerversau en la parte Este de la isla entre 1802 y 1803 -- |
| Información miscelánea |
Segunda parte -- |
| Título |
Comandante Miquel Feriet, sus memorias de defensas y plan económico -- |
| Información miscelánea |
Capítulo 6 -- |
| -- |
Primera parte -- |
| Título |
Las Fuerzas expedicionarias en campaña -- |
| Información miscelánea |
Segunda parte -- |
| Título |
Los oficiales negros y mulatos se acogen al acuerdo verbal de los generales Toussaint-Louverture y Leclerc -- |
| Información miscelánea |
Tercera parte -- |
| Título |
Toussaint-Louverture y el primero de su color -- |
| Información miscelánea |
Capítulo 7 -- |
| Título |
Guerra de Independencia en Saint-Domingue -- |
| Información miscelánea |
Capítulo 8 -- |
| Título |
General Jean-Louis Ferrand, capitán general. Su gobierno -- |
| Información miscelánea |
Capítulo 9 -- |
| Título |
Cerco de Santo Domingo. Gobierno del General Joseph-David Barquier -- |
| Información miscelánea |
Capítulo 10 -- |
| -- |
Primera parte -- |
| Título |
La iglesia Católica durante el período de la presencia francesa en Santo Domingo -- |
| -- |
Consideraciones -- |
| -- |
Anexos -- |
| Información miscelánea |
Primera parte -- |
| Título |
Piezas justificativas en Español y Francés -- |
| Información miscelánea |
Segunda parte -- |
| Título |
Piezas justificativas en Francés y Español -- |
| Información miscelánea |
Tercera parte -- |
| Título |
Piezas justificativas en Español -- |
| -- |
Cuarta parte -- |
| -- |
Piezas de apoyos de fuentes secundarias -- |
| -- |
A manera de colofón -- |
| -- |
Bibliografía. |
| 586 ## - AWARDS NOTE |
| Awards note |
Premio Nacional de Historia José Gabriel García 2007. |
| 590 ## - NOTA LOCAL |
| Enlace |
Inventariado, 2022/VM; |
| 650 #4 - ENCABEZAMIENTO DE MATERIA--TEMÁTICO |
| Término temático o nombre geográfico como elemento de entrada |
Franceses en República Dominicana |
| 651 #4 - ENCABEZAMIENTO DE MATERIA--NOMBRE GEOGRÁFICO |
| Nombre geográfico |
República Dominicana |
| Subdivisión temática general |
Historia |
| Subdivisión cronológica |
1844 |
| 651 #4 - ENCABEZAMIENTO DE MATERIA--NOMBRE GEOGRÁFICO |
| Nombre geográfico |
Historia |
| Subdivisión temática general |
Refugiados |
| Subdivisión cronológica |
Revolución, 1789-1799 |
| 700 1# - ASIENTO SECUNDARIO -- NOMBRE PERSONAL |
| Nombre personal |
Díaz Bidó, Guillermo. |
| 700 12 - ASIENTO SECUNDARIO -- NOMBRE PERSONAL |
| Nombre personal |
Santamaría, Juan Francisco, |
| Mención de responsabilidad |
pról. |
| 830 #0 - ASIENTO SECUNDARIO DE SERIE--TÍTULO UNIFORME |
| Título uniforme |
Premios nacionales |
| 910 ## - VALIDACIÓN |
| Validación |
VMateo V. |
| 942 ## - ADDED ENTRY ELEMENTS (KOHA) |
| Source of classification or shelving scheme |
Dewey Decimal Classification |
| Koha item type |
Libros |